| 000 | 00744ngm a22003130a 4500 | ||
|---|---|---|---|
| 001 | PT35647 | ||
| 003 | AR-LpoUNG | ||
| 005 | 20220222152528.0 | ||
| 007 | vd cvaizq | ||
| 008 | 191001s1995||||ag |||||||||||||||||spa d | ||
| 037 | _c$11,25 | ||
| 040 |
_aAR-LpoUNG _bspa _cAR-LpoUNG _eaacr |
||
| 041 | _aspa | ||
| 044 | _aag | ||
| 082 | 0 | _aA863 344cor | |
| 100 | 1 |
_aBauer, Tristán _edir. |
|
| 245 | 1 | 0 | _aCortázar |
| 260 |
_aBuenos Aires : _bBlackman, _c1995. |
||
| 300 | _aDVD (85 min.) : son., byn | ||
| 650 | 4 | _aARGENTINA | |
| 650 | 4 | _aBIOGRAFIAS | |
| 650 | 4 | _aLITERATURA | |
| 653 | _aCINE ARGENTINO | ||
| 653 | _aDOCUMENTALES | ||
| 653 | _aLITERATURA ARGENTINA | ||
| 653 | _aVIDEOS | ||
| 905 | _a35647 | ||
| 942 |
_cDVD _2ddc |
||
| 999 |
_c54905 _d54905 |
||